Porovnanie technicko-ekonomickej úrovne výrobkov produkcie VHJ Tatrasklo (s akcentom na využitie metódy KORTER) správa pre oponentské konanie úlohy VHČ

Salvato in:
Dettagli Bibliografici
Autore principale: Štefanco, Michal
Ente Autore: Vysoká škola ekonomická v Bratislave. Fakulta riadenia
Altri autori: Majtán, Miroslav, Tevecová, Alexandra, Halušková, Anna, Plešovská, Mária, Slunčík, Peter, Brezovský, Jozef, Moravčíková, Mária, Hrašnová, Jana, Cagalincová, Táňa
Natura: Libro
Lingua:slovacco
Pubblicazione: Bratislava Vysoká škola ekonomická 1985
Tags: Aggiungi Tag
Nessun Tag, puoi essere il primo ad aggiungerne!!

MARC

LEADER 00000nam$a2200000$$$4500
001 0106976
005 20250131075413.7
041 0 |a slo 
044 |a SK 
245 1 0 |a Porovnanie technicko-ekonomickej úrovne výrobkov produkcie VHJ Tatrasklo (s akcentom na využitie metódy KORTER)  |b správa pre oponentské konanie úlohy VHČ 
264 1 |a Bratislava  |b Vysoká škola ekonomická  |c 1985 
300 |a 100 s. 
100 1 |a Štefanco, Michal 
700 1 |a Majtán, Miroslav 
700 1 |a Tevecová, Alexandra 
700 1 |a Halušková, Anna 
700 1 |a Plešovská, Mária 
700 1 |a Slunčík, Peter 
700 1 |a Brezovský, Jozef 
700 1 |a Moravčíková, Mária 
700 1 |a Hrašnová, Jana 
700 1 |a Cagalincová, Táňa 
710 2 |a Vysoká škola ekonomická v Bratislave. Fakulta riadenia